[Event "Titled Tue 27th May Early"]
[Site "chess.com INT"]
[Date "2025.05.27"]
[Round "3"]
[White "Kalyani Sirin"]
[Black "Zozek Salah Mohammed"]
[Result "0-1"]
[WhiteTitle "WFM"]
[BlackTitle "FM"]
[WhiteElo "2136"]
[BlackElo "2205"]
[WhiteFideId "33323500"]
[BlackFideId "4803361"]
[EventDate "2025.05.27"]

1. e4 d6 2. d4 Nf6 3. Nc3 e5 4. Nf3 exd4 5. Nxd4 Be7 6. Bc4 O-O 7. O-O a6 8. a4
Nc6 9. Nxc6 bxc6 10. a5 Be6 11. Qe2 Bxc4 12. Qxc4 Nd7 13. Qxc6 Nc5 14. b4 Bf6
15. Ra3 Qd7 16. Qxd7 Nxd7 17. Nd5 c6 18. Nxf6+ Nxf6 19. f3 Rab8 20. Bd2 d5 21.
exd5 Nxd5 22. c3 Rfe8 23. Re1 Rxe1+ 24. Bxe1 Re8 25. Kf2 Nf4 26. c4 Nxg2 27.
Kxg2 Rxe1 28. Rd3 g6 29. Rd8+ Kg7 30. Rb8 Rb1 31. Rb6 h5 32. c5 g5 33. Rxa6 Rxb4
34. Rxc6 Rb5 35. a6 Ra5 36. Kf2 h4 37. h3 f5 38. Rc7+ Kf6 39. a7 Ke5 40. c6 Kd6
41. Rg7 Kxc6 42. Rxg5 Rxa7 43. Rxf5 Ra2+ 44. Kg1 Ra1+ 45. Kf2 Ra2+ 46. Ke3 Rh2
47. Re5 Rxh3 48. Kf4 Kd6 49. Re1 Rg3 50. Ke4 h3 51. f4 Ke6 52. f5+ Kf6 53. Kf4
Rg2 54. Re6+ Kf7 55. Rh6 h2 56. Rh7+ Kf8 57. Ke5 Ra2 58. Kf4 Rf2+ 59. Kg5 Ra2
60. Kf6 Ra6+ 61. Kg5 Ra2 62. Kg6 Ke8 63. Rh8+ Ke7 64. f6+ Ke6 65. f7 Rg2+ 0-1

[Event "Titled Tue 27th May Early"]
[Site "chess.com INT"]
[Date "2025.05.27"]
[Round "3"]
[White "Iskusnyh, Sergei"]
[Black "Torres Rebolledo, Alvaro"]
[Result "1-0"]
[WhiteTitle "GM"]
[BlackTitle "FM"]
[WhiteElo "2440"]
[BlackElo "2336"]
[WhiteFideId "4120027"]
[BlackFideId "54587670"]
[EventDate "2025.05.27"]

1. d4 Nf6 2. c4 g6 3. g3 Bg7 4. Nc3 O-O 5. Bg2 d6 6. Nf3 Nbd7 7. O-O Re8 8. e4
c5 9. d5 a6 10. a4 Rb8 11. Qc2 h6 12. h3 Nh7 13. Re1 Ne5 14. Nxe5 dxe5 15. a5
Bd7 16. Be3 Qc7 17. Na4 Bxa4 18. Rxa4 Nf6 19. b4 cxb4 20. Bb6 Qd7 21. Rxb4 Rec8
22. Qb3 e6 23. Ba7 Bf8 24. Rb6 Bc5 25. Bxb8 Bxb6 26. Bxe5 Bd8 27. Rb1 exd5 28.
cxd5 Qe7 29. Qxb7 Rc1+ 30. Kh2 Rxb1 31. Qxb1 Qxe5 32. f4 Qc7 33. e5 Nh5 34. d6
Qc3 35. e6 Qxg3+ 36. Kh1 Nxf4 37. exf7+ Kxf7 38. Qa2+ Kf8 39. Bf1 Qf3+ 40. Kg1
Bf6 41. Qc4 Qg3+ 42. Kh1 Qf3+ 43. Kg1 Nxh3+ 44. Bxh3 Qxh3 45. Qf4 Qh4 46. Qf1
Qg5+ 47. Kh1 Qh5+ 48. Kg1 Qg4+ 49. Kh1 Qh4+ 50. Kg1 Kg7 51. Qxa6 Bd4+ 52. Kg2
Qf2+ 53. Kh3 Qf3+ 54. Kh2 Be5+ 55. Kg1 Qd1+ 56. Kg2 Qxd6 57. Qb7+ Kf6 58. a6
Qd2+ 59. Kf3 Qf4+ 60. Ke2 Qg4+ 61. Kd3 Qd4+ 62. Ke2 Qb2+ 63. Qxb2 Bxb2 64. a7 h5
65. a8=Q Be5 66. Kf3 g5 67. Ke4 Kg6 68. Kxe5 h4 69. Qe4+ Kh5 70. Kf5 Kh6 71.
Qe6+ Kg7 72. Kxg5 Kh8 73. Qf7 h3 74. Kg6 h2 75. Qg7# 1-0

[Event "Titled Tue 27th May Early"]
[Site "chess.com INT"]
[Date "2025.05.27"]
[Round "3"]
[White "Nayak, Rajesh"]
[Black "Panda, Sambit"]
[Result "0-1"]
[WhiteTitle "FM"]
[BlackTitle "IM"]
[WhiteElo "2286"]
[BlackElo "2369"]
[WhiteFideId "35017152"]
[BlackFideId "25091794"]
[EventDate "2025.05.27"]

1. e4 c6 2. d4 d5 3. Nc3 dxe4 4. Nxe4 Nf6 5. Nxf6+ exf6 6. Nf3 Na6 7. Be2 Bd6 8.
O-O O-O 9. Be3 Nc7 10. c4 Be6 11. Qd2 Qd7 12. Rfd1 Rad8 13. Rac1 Rfe8 14. Qa5 a6
15. Qb6 Rb8 16. a3 Na8 17. Qa5 Nc7 18. Nd2 f5 19. c5 Bf8 20. Nc4 Bxc4 21. Bxc4
Nd5 22. Qd2 g6 23. Bh6 Re6 24. Bxf8 Rxf8 25. Re1 Rd8 26. Rxe6 Qxe6 27. Re1 Qf6
28. Re5 Nb6 29. Qc3 Nxc4 30. Qxc4 Qxe5 31. dxe5 Rd1+ 32. Qf1 Rxf1+ 33. Kxf1 Kf8
34. Ke2 Ke7 35. Ke3 Ke6 36. Kd4 g5 37. g3 g4 38. b4 h6 39. a4 h5 40. a5 Kd7 41.
Ke3 Ke7 42. Kd3 Ke6 43. Kd4 f4 44. gxf4 Kf5 45. Ke3 h4 46. h3 gxh3 47. Kf3 h2
48. Kg2 Kxf4 49. Kxh2 Kxe5 50. Kh3 Kd4 51. Kxh4 Kc4 52. f4 Kxb4 53. Kg5 Kxc5 54.
f5 b5 55. Kf6 b4 56. Kxf7 b3 57. f6 b2 58. Ke8 b1=Q 59. f7 Qb8+ 60. Ke7 Qc7+ 61.
Kf6 Qd8+ 62. Kg7 Kb5 63. f8=Q Qxf8+ 64. Kxf8 c5 65. Ke7 c4 0-1

[Event "Titled Tue 27th May Early"]
[Site "chess.com INT"]
[Date "2025.05.27"]
[Round "3"]
[White "Rustamov, Rustam"]
[Black "Tilahun, Abel Mathewos"]
[Result "1-0"]
[WhiteTitle "FM"]
[BlackTitle "CM"]
[WhiteElo "2323"]
[BlackElo "1944"]
[WhiteFideId "13440110"]
[BlackFideId "15702391"]
[EventDate "2025.05.27"]

1. e4 e6 2. d4 d5 3. Nd2 Nc6 4. Ngf3 Nf6 5. e5 Nd7 6. Bb5 a6 7. Bxc6 bxc6 8. O-O
c5 9. c3 cxd4 10. cxd4 c5 11. Re1 Be7 12. dxc5 Nxc5 13. Nd4 Bb7 14. N2b3 O-O 15.
Be3 Na4 16. Qe2 Rc8 17. Rab1 Nb6 18. Nd2 Nc4 19. Nxc4 dxc4 20. Red1 Qd5 21. Nf3
Qb5 22. Nd4 Qd5 23. Nf3 Qa5 24. a3 Bxf3 25. Qxf3 Qxe5 26. Bd4 Qf5 27. Qxf5 exf5
28. Re1 Bd6 29. Rbd1 Rfe8 30. Rxe8+ Rxe8 31. Kf1 Bc7 32. Rc1 f6 33. Rxc4 Be5 34.
b4 Bxd4 35. Rxd4 Kf7 36. g3 Re6 37. Rd7+ Kg6 38. Rb7 Rc6 39. Ra7 Kg5 40. Rxg7+
Kh6 41. Ra7 Kg5 42. Rxh7 Rc1+ 43. Kg2 Ra1 44. h4+ Kg6 45. Ra7 Rxa3 46. b5 a5 47.
f3 a4 48. b6 Rb3 49. Rxa4 Rxb6 50. Ra2 Rb1 51. Ra4 Rb3 52. Rf4 Rb2+ 53. Kh3 Rb5
54. Rc4 Rb3 55. Rf4 Rb5 56. g4 Rc5 57. gxf5+ Rxf5 58. Rxf5 Kxf5 59. Kg3 Kg6 60.
Kg4 f5+ 61. Kf4 Kf6 62. h5 Ke6 63. Kg5 1-0

[Event "Titled Tue 27th May Early"]
[Site "chess.com INT"]
[Date "2025.05.27"]
[Round "3"]
[White "Skliarov, Viktor"]
[Black "Lazavik, Denis"]
[Result "0-1"]
[WhiteTitle "IM"]
[BlackTitle "GM"]
[WhiteElo "2334"]
[BlackElo "2577"]
[WhiteFideId "14106736"]
[BlackFideId "13515110"]
[EventDate "2025.05.27"]

1. e4 c5 2. Nf3 Nc6 3. Bb5 e6 4. Bxc6 bxc6 5. d3 Ne7 6. Qe2 d6 7. e5 Nf5 8. O-O
f6 9. exd6 Bxd6 10. Nbd2 O-O 11. Ne4 Be7 12. b3 e5 13. c3 Rf7 14. Ba3 Qa5 15.
Qb2 Be6 16. Nfd2 Rd8 17. Nc4 Qb5 18. Qc2 Bf8 19. Rad1 h6 20. Bc1 Rfd7 21. a4 Qb7
22. Ba3 Rd5 23. f4 exf4 24. Rxf4 Qf7 25. Qe2 Bc8 26. Ne3 Nxe3 27. Qxe3 Re5 28.
Qc1 Qxb3 29. Nf2 Qe6 30. d4 cxd4 31. Bxf8 Rxf8 32. cxd4 Re2 33. Rf3 Re8 34. Rf1
Re1 35. Qd2 Ba6 36. Nd3 Re2 37. Qf4 Qe4 38. Qxe4 R2xe4 39. Nc5 Bxf1 40. Nxe4
Rxe4 41. Kxf1 Rxd4 42. Rc3 Rxa4 43. Rxc6 a5 44. Ra6 Ra2 45. Kg1 a4 46. h4 h5 47.
Ra7 Kh7 48. Kh2 Kg6 49. Kg3 Ra3+ 50. Kf4 Ra1 51. Ra6 a3 52. Ra7 Kh6 53. Kg3 Kh7
54. Ra6 Kg8 55. Ra7 Kf8 56. Kh2 Kg8 57. Kg3 Kh7 58. Kh2 Kh6 59. Kg3 g5 60. Ra6
Kg6 61. Ra7 a2 62. Ra6 gxh4+ 63. Kh2 Kg5 64. Ra5+ f5 65. Ra4 h3 66. g3 h4 67.
gxh4+ Kh5 68. Ra5 Kg4 69. Ra4+ f4 70. Ra3 f3 71. Ra4+ Kh5 72. Ra3 f2 73. Ra5+
Kg6 74. Ra6+ Kf7 75. Ra7+ Ke6 76. Ra6+ Kd5 77. Rf6 Rh1+ 78. Kxh1 a1=Q+ 79. Kh2
Qxf6 80. Kxh3 f1=Q+ 81. Kg3 Q6f4# 0-1

[Event "Titled Tue 27th May Early"]
[Site "chess.com INT"]
[Date "2025.05.27"]
[Round "3"]
[White "Deboushnik De"]
[Black "Dovgaliuk, Oleksandr"]
[Result "0-1"]
[WhiteTitle "CM"]
[WhiteElo "2207"]
[BlackElo "2240"]
[WhiteFideId "25768778"]
[BlackFideId "14167247"]
[EventDate "2025.05.27"]

1. e4 c5 2. Nf3 d6 3. d4 cxd4 4. Nxd4 Nf6 5. Nc3 a6 6. Bg5 e6 7. f4 h6 8. Bh4
Qb6 9. a3 Be7 10. Bf2 Qc7 11. Qf3 Nbd7 12. O-O-O b5 13. g4 Bb7 14. Bg2 g5 15. h4
gxf4 16. g5 Ne5 17. Qxf4 hxg5 18. hxg5 Rxh1 19. Rxh1 Nfd7 20. Kb1 O-O-O 21. Nf3
Rg8 22. Rg1 Rg7 23. Bh3 Nxf3 24. Qxf3 Ne5 25. Qh5 Qd8 26. Be3 Qg8 27. Nd5 Bxd5
28. exd5 Rh7 29. dxe6 f5 30. Qd1 Rxh3 31. Qd5 Kc7 32. Bf4 Nc6 33. Qc5 Rh4 34.
Qxf5 Qf8 35. Qxf8 Bxf8 36. Rf1 Bg7 37. b4 Rg4 38. a4 Be5 39. c3 Bxf4 40. g6 Rxg6
41. Rxf4 Rxe6 42. Rf7+ Kb6 43. axb5 axb5 44. Kb2 Ne5 45. Rf8 Nc4+ 46. Kb3 Nd2+
47. Kc2 Nc4 48. Kb3 d5 49. Rb8+ Kc6 50. Rc8+ Kd6 51. Rd8+ Ke5 52. Rb8 Rb6 53.
Re8+ Re6 54. Rb8 Nd6 55. Kc2 Rf6 56. Rh8 Rf2+ 57. Kd3 Rf3+ 58. Kc2 Ne4 59. Rh5+
Kd6 60. Rh6+ Kd7 61. Rh7+ Ke6 62. Rh6+ Kf5 63. Kb2 Rxc3 64. Rh5+ Ke6 65. Rh6+
Ke5 66. Rh5+ Kd4 67. Rh4 Rc4 68. Ka3 Rc3+ 69. Ka2 Rd3 70. Rg4 Kc4 71. Rh4 Kxb4
72. Rg4 Rd2+ 73. Ka1 Kb3 74. Rh4 Rd1# 0-1

[Event "Titled Tue 27th May Early"]
[Site "chess.com INT"]
[Date "2025.05.27"]
[Round "3"]
[White "Daspres, Loic"]
[Black "Skiadopoulos, Nikolaos"]
[Result "1/2-1/2"]
[WhiteTitle "CM"]
[BlackTitle "CM"]
[WhiteElo "2207"]
[BlackElo "1882"]
[WhiteFideId "20612281"]
[BlackFideId "4200772"]
[EventDate "2025.05.27"]

1. e4 c5 2. Nf3 Nc6 3. Bb5 e6 4. O-O Nge7 5. Re1 a6 6. Bxc6 Nxc6 7. c3 Be7 8. d4
cxd4 9. cxd4 O-O 10. d5 exd5 11. exd5 Na5 12. d6 Bf6 13. Nc3 Nc4 14. Qd3 b5 15.
Bf4 Bb7 16. b3 Nb6 17. Rad1 Rc8 18. Ne4 Nd5 19. Nxf6+ Qxf6 20. Bg5 Qg6 21. Qxg6
hxg6 22. Be7 Rfe8 23. Re5 f6 24. Ree1 Kf7 25. h4 Nxe7 26. dxe7 Bxf3 27. gxf3
Rxe7 28. Rxe7+ Kxe7 29. Rd4 Rc2 30. a4 bxa4 31. Rxa4 Rc3 32. Kg2 Rxb3 33. Rxa6
Rb4 34. Kg3 Rd4 35. f4 g5 36. hxg5 fxg5 37. fxg5 d5 38. Kf3 Kf7 39. g6+ Ke7 40.
Ke3 Re4+ 41. Kd3 Re6 42. Ra5 Kd6 43. Kd4 Re4+ 44. Kd3 Rg4 45. f3 Rg3 46. Ke3 Ke5
47. Kf2 Rxg6 48. Ke3 Re6 49. f4+ Kf5+ 50. Kf3 Rd6 51. Ke3 g5 52. fxg5 Kxg5 53.
Kd4 Kf5 54. Ra2 Ke6 55. Re2+ Kd7 56. Rh2 Kc6 57. Rh5 Rg6 58. Rh4 Rf6 59. Rg4 Re6
60. Rh4 Rf6 61. Rg4 Re6 62. Rg8 Re4+ 63. Kd3 Rh4 64. Rg3 Kc5 65. Rf3 Kd6 66. Rg3
Kc5 67. Rg8 Kd6 68. Rd8+ Kc5 69. Rc8+ Kd6 70. Rd8+ Kc5 71. Rc8+ Kd6 72. Rd8+ 1/2-1/2

[Event "Titled Tue 27th May Early"]
[Site "chess.com INT"]
[Date "2025.05.27"]
[Round "3"]
[White "Khazhatuly, Alikhan"]
[Black "Aqib Javaid Butt"]
[Result "1/2-1/2"]
[WhiteTitle "CM"]
[WhiteElo "2196"]
[BlackElo "1855"]
[WhiteFideId "13731335"]
[BlackFideId "7801262"]
[EventDate "2025.05.27"]

1. e4 c5 2. Nf3 e6 3. d4 cxd4 4. Nxd4 Nf6 5. Bd3 Nc6 6. Nxc6 bxc6 7. O-O d5 8.
Qe2 Be7 9. c4 O-O 10. Nc3 Ba6 11. cxd5 Bxd3 12. Qxd3 cxd5 13. exd5 Nxd5 14. Nxd5
exd5 15. Be3 Bf6 16. Bd4 Bxd4 17. Qxd4 Qa5 18. b4 Qa4 19. Qxd5 Qxb4 20. Rab1 Qa4
21. Rb7 Rad8 22. Qb3 Qxb3 23. axb3 Rb8 24. Rxa7 Rxb3 25. Re1 Rfb8 26. g4 Rb1 27.
Rxb1 Rxb1+ 28. Kg2 g6 29. h4 Rb4 30. Kg3 Kg7 31. f3 h6 32. Ra5 Rc4 33. Rb5 Rd4
34. h5 gxh5 35. Rxh5 Kg6 36. Ra5 f6 37. Ra6 Rb4 38. Ra5 Rb3 39. Rc5 Ra3 40. Rc4
Rb3 41. Kf4 Rd3 42. Re4 Ra3 43. Kg3 Rb3 44. Rf4 Kg5 45. Rf5+ Kg6 46. Kf4 Rb4+
47. Ke3 Ra4 48. Kd3 Ra3+ 49. Ke4 Ra4+ 50. Ke3 Ra3+ 51. Kf2 Ra4 52. Kg3 Ra3 53.
Rd5 Rb3 54. Rd4 Ra3 55. Rf4 Kg5 56. Rf5+ Kg6 57. Kh4 Ra1 58. Rc5 Rh1+ 59. Kg3
Rb1 60. f4 Rb3+ 61. Kh4 Rb4 62. f5+ Kg7 63. Rc7+ Kf8 64. Kh5 Re4 65. Rh7 Kg8 66.
Rxh6 Kg7 67. Rg6+ Kf7 68. Kh4 Re1 69. Kg3 Rh1 70. Kf3 Rh8 71. Kf4 Rh1 72. Kf3
Rh8 73. Kg2 Rh4 74. Kg3 Rh8 75. g5 fxg5 76. Kg4 Rh1 77. Rxg5 Rg1+ 78. Kf4 Rf1+
79. Ke3 Kf6 80. Rg6+ Kxf5 81. Rg8 Ke6 82. Rg6+ Rf6 83. Rxf6+ Kxf6 1/2-1/2

[Event "Titled Tue 27th May Early"]
[Site "chess.com INT"]
[Date "2025.05.27"]
[Round "3"]
[White "Dauer, Andre Leonardo"]
[Black "Atis, Hasan"]
[Result "1/2-1/2"]
[WhiteTitle "CM"]
[BlackTitle "CM"]
[WhiteElo "2138"]
[BlackElo "2089"]
[WhiteFideId "2126915"]
[BlackFideId "44598017"]
[EventDate "2025.05.27"]

1. e4 b6 2. d4 Bb7 3. Nc3 c5 4. Nf3 cxd4 5. Nxd4 e6 6. a3 a6 7. Bd3 Qc7 8. Qf3
Nf6 9. O-O Nc6 10. Nxc6 Bxc6 11. h3 Be7 12. Bf4 d6 13. Qe2 O-O 14. Rad1 Rfd8 15.
Bxa6 Nxe4 16. Nxe4 Bxe4 17. Qxe4 Rxa6 18. c3 Ra5 19. Rd3 Qc8 20. Rfd1 d5 21. Qe2
h6 22. Rg3 Kh7 23. Qd3+ f5 24. Qe2 Bf8 25. Be5 Qd7 26. Qe3 Rc8 27. Qxb6 Rb5 28.
Qd4 Rxb2 29. c4 Rb7 30. cxd5 exd5 31. Qxd5 Qxd5 32. Rxd5 Rc1+ 33. Kh2 g5 34.
Rgd3 Kg6 35. Bd6 Bg7 36. Bb4 Rc2 37. Rd2 Rc4 38. Rd6+ Kh5 39. f3 Be5+ 40. Kg1
Bxd6 41. Rxd6 Rc1+ 42. Kf2 Rc2+ 43. Kg1 f4 44. Ra6 Rbc7 45. Bf8 R7c6 46. Rxc6
Rxc6 47. Bb4 Rc2 48. Kf1 Ra2 49. Bc5 Kg6 50. Bb4 h5 51. Bc5 Kf5 52. Bb4 Ke6 53.
Bc5 Rc2 54. Bb4 Rb2 55. Bc5 Rb1+ 56. Ke2 Rb2+ 57. Kf1 Rc2 58. Bb4 Ke5 59. Be7
Kf5 60. Bb4 g4 61. hxg4+ hxg4 62. fxg4+ Kxg4 63. Be1 Ra2 64. Bb4 Kg3 65. Be1+
Kh2 66. Bb4 Rxg2 67. Bd6 Rg4 68. Kf2 Kh3 69. Kf3 Rg3+ 70. Kxf4 Rb3 71. Bb4 Kh4
72. Ke4 Kh5 73. Kd4 Rb1 74. Kc4 Kg6 75. Kc5 Kf7 76. Kc4 Ke6 77. Kb5 Kd7 78. Kc4
Kc6 79. Kc3 Kb5 80. Bf8 Rh1 81. Kd3 Rf1 82. Bb4 Rd1+ 83. Kc2 Rh1 84. Kc3 Rh3+
85. Kc2 Kc4 86. Kb2 Rh2+ 87. Kc1 Rg2 88. Kd1 Kd3 89. Kc1 Rh2 90. Kb1 Kc4 91. Kc1
Kb3 92. Kd1 Kc4 93. Kc1 1/2-1/2

[Event "Titled Tue 27th May Early"]
[Site "chess.com INT"]
[Date "2025.05.27"]
[Round "3"]
[White "Grahn, Vidar"]
[Black "Galchenko, Matvey"]
[Result "1-0"]
[WhiteTitle "FM"]
[BlackTitle "IM"]
[WhiteElo "2241"]
[BlackElo "2442"]
[WhiteFideId "1744780"]
[BlackFideId "24175480"]
[EventDate "2025.05.27"]

1. d4 Nf6 2. c4 c5 3. d5 e6 4. Nc3 exd5 5. cxd5 d6 6. Nf3 g6 7. g3 Bg7 8. Bg2
O-O 9. O-O Re8 10. Bf4 Bf5 11. Nh4 Bg4 12. Qd2 Nh5 13. Bg5 Qc8 14. f3 Bh3 15.
Ne4 Be5 16. g4 Bxg2 17. Nxg2 Ng7 18. Bf6 Nd7 19. Bxe5 Rxe5 20. Nxd6 Qc7 21. Nc4
Ree8 22. e4 b5 23. Na5 Ne5 24. Ne3 c4 25. b4 Rad8 26. Qc3 Qb6 27. Kg2 Rd6 28. f4
Nd3 29. Nexc4 bxc4 30. Nxc4 Nxf4+ 31. Rxf4 Qc7 32. Raf1 Rd7 33. Qd4 Rde7 34. e5
Rf8 35. d6 Qb7+ 36. Qe4 Rd7 37. Qxb7 Rxb7 38. Ne3 Ne6 39. Rc4 Rb5 40. Re4 Ng5
41. Rd4 Rxe5 42. Nd5 Ne6 43. Ne7+ Kg7 44. Rd2 Re4 45. h3 Rxb4 46. d7 Rb6 47. Rc1
Rd8 48. Nc6 Rf8 49. d8=Q Nxd8 50. Nxd8 Re8 51. Rc7 Rf6 52. Nc6 a6 53. Rf2 Ree6
54. Rxf6 Rxf6 55. Ne5 h6 56. h4 Rf4 57. Kg3 Rf1 58. h5 gxh5 59. gxh5 Rf5 60. Ng4
Rxh5 61. Rc6 Ra5 62. Nxh6 Rxa2 63. Nf5+ Kh7 64. Rc7 Kg6 65. Nh4+ Kf6 66. Ra7
Ra3+ 67. Nf3 a5 68. Kf4 a4 69. Ra6+ Ke7 70. Nd4 Ra1 71. Ke5 Re1+ 72. Kd5 Ra1 73.
Nf5+ Kd7 74. Ra7+ Kd8 75. Nd4 a3 76. Kd6 Kc8 77. Rc7+ Kb8 78. Nc6+ Ka8 79. Ra7# 1-0

[Event "Titled Tue 27th May Early"]
[Site "chess.com INT"]
[Date "2025.05.27"]
[Round "3"]
[White "Bluebaum, Matthias"]
[Black "Aradhya, Garg"]
[Result "1/2-1/2"]
[WhiteTitle "GM"]
[BlackTitle "IM"]
[WhiteElo "2660"]
[BlackElo "2383"]
[WhiteFideId "24651516"]
[BlackFideId "25006746"]
[EventDate "2025.05.27"]

1. d4 d5 2. c4 c6 3. Nf3 Nf6 4. Nc3 dxc4 5. e4 b5 6. Qc2 e6 7. Be2 a5 8. O-O a4
9. Bg5 h6 10. Bxf6 gxf6 11. d5 Qb6 12. b3 axb3 13. axb3 Rxa1 14. Rxa1 Bc5 15.
bxc4 Bxf2+ 16. Kh1 b4 17. Na4 Qe3 18. Rb1 O-O 19. Rxb4 Bd7 20. Nb6 Qc5 21. Rb1
cxd5 22. exd5 e5 23. Nxd7 Nxd7 24. Qf5 Rd8 25. Bd3 Kf8 26. Nd2 Qe3 27. Nf1 Qf4
28. Qxf4 exf4 29. g3 Ne5 30. Rd1 f3 31. Be4 Rc8 32. Nd2 Nxc4 33. Nxc4 Rxc4 34.
Bxf3 Rd4 35. Rb1 Kg7 36. Kg2 Rd2 37. Kh3 Bc5 38. Rb7 Kg6 39. Rb1 f5 40. Rc1 Be7
41. Rc6+ Kg7 42. Rc7 Kf6 43. Rb7 Bd6 44. Bh5 Rxd5 45. Rxf7+ Kg5 46. Bf3 Rd3 47.
Bb7 f4 48. Be4 Re3 49. Rf5+ Kg6 50. Rxf4+ Kg7 51. Rg4+ Kf7 52. Bd5+ Kf6 53. Bb7
Re5 54. Bf3 Rh5+ 55. Kg2 Ra5 56. Rg8 Ra2+ 57. Kh3 Ra5 58. Be4 Rg5 59. Rh8 Rh5+
60. Kg2 Be5 61. Rh7 Ke6 62. h4 Bf6 63. Bf3 Ra5 64. Rxh6 Ra2+ 65. Kh3 Ra3 66.
Bg4+ Kf7 67. Rh5 Kg6 68. Rf5 Be7 69. Re5 Rxg3+ 70. Kxg3 Bd6 71. Kf4 Kf6 72. Ke4
Bxe5 73. h5 Ba1 74. Be2 Kg5 75. Bd1 Kh6 76. Kd5 Bb2 77. Ke6 Ba1 78. Kf7 Bb2 79.
Kg8 Ba1 80. Kf7 Bb2 81. Ke6 Ba1 82. Kd5 Bb2 83. Kc4 Ba1 84. Kb3 Bh8 85. Ka2 Bg7
86. Bc2 Bh8 87. Bb1 Bg7 88. Bc2 Bh8 89. Bb1 Kxh5 1/2-1/2

[Event "Titled Tue 27th May Early"]
[Site "chess.com INT"]
[Date "2025.05.27"]
[Round "3"]
[White "Jimenez Salas, Maria Teresa"]
[Black "Avramidou, Anastasia"]
[Result "1/2-1/2"]
[WhiteTitle "WIM"]
[BlackTitle "FM"]
[WhiteElo "2137"]
[BlackElo "2294"]
[WhiteFideId "3843866"]
[BlackFideId "4239873"]
[EventDate "2025.05.27"]

1. e4 e6 2. d4 d5 3. Nc3 Bb4 4. e5 c5 5. Qg4 g6 6. dxc5 Bxc3+ 7. bxc3 Nc6 8. Nf3
Qa5 9. Bd2 Qxc5 10. Bd3 Nge7 11. O-O Bd7 12. c4 dxc4 13. Qxc4 Qxc4 14. Bxc4
O-O-O 15. Bg5 h6 16. Bf6 Rhe8 17. Bg7 Ng8 18. Bb5 Nce7 19. Bxd7+ Rxd7 20. Rfd1
Red8 21. Rxd7 Rxd7 22. Kf1 Nf5 23. Bf8 Rd8 24. Bc5 b6 25. Bb4 h5 26. Ng5 Ngh6
27. h3 Nd4 28. Rd1 Nhf5 29. c3 Nc6 30. Rxd8+ Nxd8 31. g4 hxg4 32. hxg4 Nh6 33.
f3 Ng8 34. Ke2 Kd7 35. Ke3 Ne7 36. Bxe7 Kxe7 37. Ne4 Nb7 38. f4 Na5 39. Kd4 Nc6+
40. Kc4 a6 41. Nd6 f6 42. Nc8+ Kf7 43. exf6 Kxf6 44. Nxb6 g5 45. Nd7+ Ke7 46.
Ne5 Na5+ 47. Kb4 Nb7 48. fxg5 Nd6 49. g6 Kf6 50. g7 Kxg7 51. Kc5 Ne4+ 52. Kd4
Nd2 53. Nd7 Nf3+ 54. Ke4 Nd2+ 55. Ke5 Kf7 56. Nc5 Nc4+ 57. Kd4 Nb6 58. Nxa6 Kg6
59. Nc7 Kf6 60. c4 Na4 61. c5 Ke7 62. Nb5 Nb2 63. Nc3 Kd7 64. a4 Kc6 65. Nb5
Nxa4 66. Nd6 Kd7 67. Ne4 Ke7 68. Ke5 Nb2 69. c6 Nc4+ 70. Kd4 Nb6 71. Kc5 Nc8 72.
Kb5 e5 73. Kc5 Ke6 74. c7 Kd7 75. Kd5 Kxc7 76. Kxe5 Kd7 77. Kf6 Nb6 78. g5 Nd5+
79. Kf7 Nf4 80. Nf6+ Kd6 81. Ng4 Kd7 82. Ne5+ Kd6 83. Ng6 Nh3 84. Kf6 Nxg5 1/2-1/2

[Event "Titled Tue 27th May Early"]
[Site "chess.com INT"]
[Date "2025.05.27"]
[Round "3"]
[White "Moldagali, Beksultan"]
[Black "Zhigalko, Sergei"]
[Result "1-0"]
[WhiteTitle "FM"]
[BlackTitle "GM"]
[WhiteElo "2397"]
[BlackElo "2572"]
[WhiteFideId "13734768"]
[BlackFideId "13502956"]
[EventDate "2025.05.27"]

1. e4 c5 2. Nc3 Nc6 3. g3 g6 4. Bg2 Bg7 5. d3 Rb8 6. Be3 d6 7. Qd2 b5 8. Nge2 b4
9. Nd1 Nd4 10. O-O Nxe2+ 11. Qxe2 Nf6 12. h3 O-O 13. Qd2 a5 14. Bh6 e5 15. Bxg7
Kxg7 16. Ne3 Nh5 17. Kh2 a4 18. a3 Be6 19. axb4 Rxb4 20. c3 Rb5 21. Rxa4 Qb6 22.
b4 Rb8 23. Nc4 Qc7 24. bxc5 Qxc5 25. d4 Qc7 26. Ne3 Rb2 27. Qd3 R8b3 28. Nc4 Ra2
29. Rxa2 Bxc4 30. Qd1 Rxc3 31. Rd2 Bxf1 32. Bxf1 Nf6 33. Bg2 Qb6 34. dxe5 dxe5
35. Qe2 h5 36. Bf3 Qb4 37. Kg2 Qa5 38. Ra2 Qc5 39. h4 Qb4 40. Rb2 Qa3 41. Ra2
Qd6 42. Rd2 Qc6 43. Rb2 Qc7 44. Qd2 Rc4 45. Rb4 Rc2 46. Qe3 Qa5 47. Rb7 Qa2 48.
Bd1 Qa6 49. Rxf7+ Kxf7 50. Bxc2 Qb7 51. Bb3+ Kg7 52. Bc2 Qc6 53. Bd3 Qc3 54. Qf3
Qd4 55. Bc2 Qb2 56. Qe2 Qc3 57. Qd3 Qxd3 58. Bxd3 Kf7 59. Kf3 Ke6 60. Be2 Kd6
61. Ke3 Kc5 62. f4 Kd6 63. Bd3 Ke6 64. Bc4+ Kd6 65. Bf7 Ng4+ 66. Kf3 Nh2+ 67.
Ke2 exf4 68. gxf4 Ng4 69. Bxg6 Kc5 70. Bxh5 Nf6 71. Bf3 Kd4 72. e5 Nd7 73. h5
Nxe5 74. Kf2 Nf7 75. Kg3 Nh6 76. Bd1 Kd5 77. Bc2 Ke6 78. Kh4 Kf6 79. Bg6 Ng8 80.
Kg4 Ne7 81. Be4 Kg7 82. Kg5 Ng8 83. Bd5 Nh6 84. Be6 Kh7 85. Kf6 1-0

[Event "Titled Tue 27th May Early"]
[Site "chess.com INT"]
[Date "2025.05.27"]
[Round "3"]
[White "Shukhman, Anna"]
[Black "Jumabayev, Rinat"]
[Result "0-1"]
[WhiteTitle "WGM"]
[BlackTitle "GM"]
[WhiteElo "2413"]
[BlackElo "2551"]
[WhiteFideId "54180058"]
[BlackFideId "13702661"]
[EventDate "2025.05.27"]

1. e4 g6 2. d4 Bg7 3. Nc3 d6 4. f4 c6 5. Nf3 d5 6. e5 h5 7. Bd3 Nh6 8. Be3 Bf5
9. Bf2 a5 10. Nh4 Bxd3 11. Qxd3 e6 12. h3 Bf8 13. Nf3 Nf5 14. g3 Na6 15. a3 b5
16. Ke2 Qb6 17. g4 Ne7 18. Bh4 Rb8 19. Bf6 Rh6 20. f5 gxf5 21. Bxe7 Bxe7 22.
gxf5 c5 23. Rhg1 Rh8 24. a4 b4 25. Nb5 Nc7 26. f6 Bf8 27. Nxc7+ Qxc7 28. Rg2 Kd7
29. Rag1 cxd4 30. Rg8 Bc5 31. Rxh8 Rxh8 32. Rg7 Rf8 33. Ng5 Qxe5+ 34. Kd1 Qxf6
35. Qb5+ Kd6 36. Qa6+ Ke5 37. Qe2+ Kd6 38. Qa6+ Kc7 39. Qxa5+ Bb6 40. Qxb4 Qxg7
41. Qe7+ Kc6 42. Nxe6 Qg1+ 43. Kd2 Qe3+ 44. Kd1 fxe6 45. Qxf8 Qg1+ 46. Kd2 Qg5+
47. Kd1 Qd8 48. Qb4 Bc5 49. Qb5+ Kd6 50. Qa6+ Qb6 51. Qc8 Qc7 52. Qf8+ Kc6 53.
Qe8+ Qd7 54. Qa8+ Kc7 55. Qa5+ Bb6 56. Qb4 Qd6 57. Qb5 Qc5 58. Qe8 Qc6 59. Qe7+
Kc8 60. Qf8+ Bd8 61. Qf7 h4 62. Qg6 Kb7 63. Qf7+ Bc7 64. Qf6 e5 65. Qxh4 Qxa4
66. Qe7 Qa1+ 67. Ke2 Qxb2 68. Qc5 Qc3 69. Qxd5+ Kb6 70. Qe6+ Ka7 71. Qd7 Qxc2+
72. Kf3 Qc5 73. Qa4+ Kb6 74. Qb3+ Qb5 75. Qg8 Qc6+ 76. Kg3 e4+ 77. Kf2 e3+ 78.
Ke2 Qc2+ 79. Kf3 Qf5+ 80. Ke2 Qb5+ 81. Kf3 Kb7 82. Qa2 Qf1+ 83. Ke4 Bb6 84. Qd5+
Ka6 85. Qa2+ Ba5 86. Qe6+ Kb5 87. Qb3+ Bb4 88. Qd5+ Bc5 89. Qb3+ Ka5 90. Qa2+
Kb4 91. Qb2+ Ka4 92. Qc2+ Kb5 93. Qb3+ Ka6 94. Qa4+ Kb6 95. Qb3+ Kc7 96. Qf7+
Qxf7 0-1